00656cas a22001814i 4500952009000000999001700090001001000107003001000117005001700127008004100144040004100185041000800226100002600234245004000260300006300300773010300363942000800466 001040708HEMaFUSBCbFUSBCd2016-01-26l0o r2016-01-26 00:00:00w2016-01-26yANA c50709d50709768714001CO-MdFUSB20180324110903.0180324s2001 cr ||||| |||| 00| 0 spa d aCO-MdFUSBbspacCO-MdFUSBdCO-MdFUSB aspa1 aZelaya, Carloseautor10a¿Se puede tocar eso en la iglesia? aVolumen 5. Número 12 (2001), páginas 182-184c: 28 cm.0 tConquista Cristiana049446960270gVolumen 5. Número 12 (2001), páginas 182-184q página 182 cANA